| 000 | 00678nam a2200253Ia 4500 | ||
|---|---|---|---|
| 008 | 160319s9999 xx 000 0 und d | ||
| 020 | _a9716300298 | ||
| 050 | _a920 | ||
| 050 | _bQ8m 1995 | ||
| 100 | _aQuirino, Carlos | ||
| 245 | _aManuel L. Quezon / | ||
| 245 | _cCarlos Quirino. | ||
| 260 | _aManila : | ||
| 260 | _bTahanan Books for Young Readers | ||
| 260 | _c1995 | ||
| 300 | _a31 pages : | ||
| 300 | _billustrations : | ||
| 300 | _c26 cm. | ||
| 440 | _aGreat lives ; [v.9] | ||
| 650 | _aPresidents -- Philippines -- Biography -- | ||
| 650 | _aQuezon, Manuel Luis, 1878-1944 -- | ||
| 650 | _xJuvenile literature. | ||
| 650 | _xJuvenile literature. | ||
| 999 |
_c292234 _d292234 |
||